[Event "17. Europa ch Juvenil - Femenino s18"]
[Site "Sibenik CRO"]
[Date "2007.09.21"]
[Round "8.22"]
[White "Nadvesnik, Maja"]
[Black "Martin, Katie A"]
[Result "1-0"]
[WhiteElo "1791"]
[BlackElo "1928"]
[PlyCount "121"]
[EventDate "2007.09.14"]
[EventType "swiss"]
[EventRounds "9"]
[EventCountry "CRO"]
[Source "lmi"]
[SourceDate "2007.09.14"]

1. e4 e5 2. Nf3 Nc6 3. Bb5 a6 4. Ba4 Nf6 5. d4 exd4 6. O-O Be7 7. e5 Nd5 8.
Nxd4 Nxd4 9. Qxd4 Nb6 10. Nc3 Nxa4 11. Qxa4 O-O 12. Bf4 f6 13. Qc4+ Kh8 14.
exf6 Bxf6 15. Bxc7 Qe8 16. Bd6 Rg8 17. Rae1 Qg6 18. Nd5 b5 19. Qc7 Bd8 20. Ne7
Qg4 21. Qc5 Bxe7 22. Rxe7 Qg6 23. Qd5 Ra7 24. Rfe1 Bb7 25. Qxg8+ Kxg8 26. Re8+
Qxe8 27. Rxe8+ Kf7 28. Re7+ Kf6 29. Rxd7 Ke6 30. Rd8 Be4 31. Re8+ Kd5 32. Re5+
Kd4 33. c3+ Kd3 34. f3 Bg6 35. Bc5 Rd7 36. Bd4 Bf7 37. Re3+ Kd2 38. a3 Bc4 39.
Kf2 Kc2 40. b4 Kb3 41. Re8 g6 42. Ra8 Rd6 43. Ra7 h6 44. g4 g5 45. Kg3 Kxa3 46.
h4 Rg6 47. Rg7 gxh4+ 48. Kxh4 Re6 49. Ra7 Rg6 50. Kh5 Rd6 51. f4 Kb3 52. f5 Bd5
53. f6 Be6 54. f7 Bxf7+ 55. Rxf7 Rxd4 56. cxd4 Kxb4 57. Rc7 a5 58. d5 a4 59. d6
a3 60. d7 a2 61. Ra7 1-0

[Event "17. Europa ch Juvenil - Femenino s18"]
[Site "Sibenik CRO"]
[Date "2007.09.21"]
[Round "8.23"]
[White "Vasile, Teodora"]
[Black "Misovic, Sanja"]
[Result "0-1"]
[WhiteElo "1922"]
[BlackElo "1872"]
[PlyCount "68"]
[EventDate "2007.09.14"]
[EventType "swiss"]
[EventRounds "9"]
[EventCountry "CRO"]
[Source "lmi"]
[SourceDate "2007.09.14"]

1. e4 c5 2. Nc3 Nc6 3. g3 g6 4. Bg2 Bg7 5. f4 d6 6. Nf3 e6 7. d3 Nge7 8. O-O
O-O 9. Ne2 Rb8 10. Rb1 b6 11. Be3 Bb7 12. Qd2 d5 13. e5 f6 14. exf6 Bxf6 15. g4
Bg7 16. d4 Ba6 17. Rfe1 Qd6 18. c3 Bh6 19. Ng5 Bxg5 20. fxg5 Rbd8 21. Kh1 e5
22. Ng3 exd4 23. cxd4 Nb4 24. b3 Nec6 25. Bf1 cxd4 26. Bxd4 Nxd4 27. Qxd4 Nc2
28. Qd2 Nxe1 29. Bxa6 Nf3 30. Qg2 Nxg5 31. h4 Nf3 32. h5 Qf6 33. Qh3 Nd2 34.
Rd1 Qf3+ 0-1

[Event "17. Europa ch Juvenil - Femenino s18"]
[Site "Sibenik CRO"]
[Date "2007.09.21"]
[Round "8.24"]
[White "Cucarella Montell, Angels"]
[Black "Naydenova, Yordanka"]
[Result "0-1"]
[WhiteElo "1921"]
[BlackElo "1749"]
[PlyCount "56"]
[EventDate "2007.09.14"]
[EventType "swiss"]
[EventRounds "9"]
[EventCountry "CRO"]
[Source "lmi"]
[SourceDate "2007.09.14"]

1. e4 e5 2. Nf3 Nc6 3. Bb5 a6 4. Ba4 Nf6 5. d3 b5 6. Bb3 Be7 7. O-O O-O 8. a4
Bb7 9. Nc3 b4 10. Nd5 Nxd5 11. exd5 Na5 12. Ba2 Bd6 13. Re1 Qf6 14. Bg5 Qg6 15.
Qd2 f6 16. Bh4 Kh8 17. c4 c6 18. d4 e4 19. Bb1 cxd5 20. c5 Bc7 21. Qxb4 Rab8
22. Nd2 Qh6 23. Bg3 Nc6 24. Qc3 Ba5 25. Qc2 Nxd4 26. Qd1 Qxd2 27. Qxd2 Bxd2 28.
Rd1 Ne2+ 0-1

[Event "17. Europa ch Juvenil - Femenino s18"]
[Site "Sibenik CRO"]
[Date "2007.09.21"]
[Round "8.25"]
[White "Bogdan, Elizaveta"]
[Black "Kahancova, Ivana"]
[Result "1-0"]
[WhiteElo "1880"]
[BlackElo "1634"]
[PlyCount "55"]
[EventDate "2007.09.14"]
[EventType "swiss"]
[EventRounds "9"]
[EventCountry "CRO"]
[Source "lmi"]
[SourceDate "2007.09.14"]

1. Nf3 e6 2. g3 d5 3. Bg2 Nf6 4. d3 Be7 5. O-O O-O 6. Nbd2 c5 7. b3 Nc6 8. Bb2
Bd7 9. e4 Qc7 10. Re1 d4 11. c3 e5 12. cxd4 cxd4 13. Rc1 Qb6 14. Nc4 Qa6 15.
Nfxe5 Nxe5 16. Nxe5 Bb5 17. a4 Bd7 18. Nxd7 Nxd7 19. Bxd4 Bb4 20. Re3 Rfe8 21.
Rc4 Bd6 22. Bxg7 Kxg7 23. Qg4+ Kh8 24. Qxd7 Re7 25. Qf5 Qb6 26. Qf6+ Kg8 27. e5
Bc5 28. Rg4+ 1-0

[Event "17. Europa ch Juvenil - Femenino s18"]
[Site "Sibenik CRO"]
[Date "2007.09.21"]
[Round "8.26"]
[White "Vartic, Irina"]
[Black "Virag, Csilla"]
[Result "1/2-1/2"]
[WhiteElo "1921"]
[BlackElo "1892"]
[PlyCount "82"]
[EventDate "2007.09.14"]
[EventType "swiss"]
[EventRounds "9"]
[EventCountry "CRO"]
[Source "lmi"]
[SourceDate "2007.09.14"]

1. e4 e5 2. Nf3 Nc6 3. Bb5 a6 4. Ba4 Nf6 5. O-O Be7 6. Re1 b5 7. Bb3 O-O 8. a4
Bb7 9. d3 d6 10. Nbd2 Na5 11. c3 c5 12. d4 Nxb3 13. Qxb3 c4 14. Qc2 Qc7 15. d5
Nd7 16. Nf1 Nc5 17. axb5 axb5 18. Rxa8 Rxa8 19. Be3 Nd3 20. Rb1 f5 21. exf5
Bxd5 22. N1d2 Qc6 23. b3 Rf8 24. bxc4 bxc4 25. Rb6 Qa8 26. Qb1 Qa3 27. Qb5 Qa1+
28. Nf1 Bxf3 29. Qxc4+ d5 30. Qxd3 Be4 31. Qd2 Ra8 32. f3 Ra2 33. Rb8+ Kf7 34.
Qc1 Qxc1 35. Bxc1 Bxf5 36. Bb2 Ba3 37. Bxa3 Rxa3 38. Ne3 Be6 39. Rb5 Rxc3 40.
Nxd5 Rc1+ 41. Kf2 Bxd5 1/2-1/2

[Event "17. Europa ch Juvenil - Femenino s18"]
[Site "Sibenik CRO"]
[Date "2007.09.23"]
[Round "9.1"]
[White "Daulyte, Deimante"]
[Black "Ivakhinova, Inna"]
[Result "0-1"]
[WhiteElo "2216"]
[BlackElo "2251"]
[PlyCount "106"]
[EventDate "2007.09.14"]
[EventType "swiss"]
[EventRounds "9"]
[EventCountry "CRO"]
[Source "lmi"]
[SourceDate "2007.09.14"]

1. e4 c5 2. Nf3 d6 3. d4 cxd4 4. Nxd4 Nf6 5. Nc3 a6 6. Be2 e5 7. Nb3 Be7 8. O-O
O-O 9. Be3 Be6 10. a4 Nbd7 11. f3 Rc8 12. Rf2 Qc7 13. a5 Rfd8 14. Bf1 d5 15.
exd5 Bxd5 16. Nc1 Be6 17. Nd3 Nc5 18. Qe1 Bf5 19. Nxc5 Bxc5 20. Bxc5 Qxc5 21.
Na4 Qd6 22. c3 Rc6 23. Re2 Re8 24. Rd1 Qc7 25. Nb6 Rce6 26. Re3 e4 27. Qd2 exf3
28. Rxe6 Bxe6 29. gxf3 Qc5+ 30. Qd4 Qxa5 31. Kh1 Qh5 32. Bg2 Bh3 33. Qf2 Bxg2+
34. Qxg2 Qc5 35. Qg1 Qc6 36. Rd3 h6 37. c4 Re6 38. c5 Re5 39. b4 Qe6 40. Rd6
Qf5 41. Qd1 Re3 42. Kg2 Qg5+ 43. Kf2 Re5 44. Rd8+ Kh7 45. Qd3+ g6 46. Rd4 Qc1
47. Qd2 Qb1 48. Nd7 Rf5 49. Nxf6+ Rxf6 50. Rd6 Rf5 51. Rd3 Qh1 52. Ke3 Qxf3+
53. Kd4 Rd5+ 0-1

[Event "17. Europa ch Juvenil - Femenino s18"]
[Site "Sibenik CRO"]
[Date "2007.09.23"]
[Round "9.2"]
[White "Chirita, Andra-Marina"]
[Black "Leks, Hanna"]
[Result "0-1"]
[WhiteElo "2056"]
[BlackElo "2232"]
[PlyCount "48"]
[EventDate "2007.09.14"]
[EventType "swiss"]
[EventRounds "9"]
[EventCountry "CRO"]
[Source "lmi"]
[SourceDate "2007.09.14"]

1. d4 Nf6 2. Nf3 g6 3. c4 Bg7 4. Nc3 d6 5. Bg5 h6 6. Bh4 g5 7. Bg3 Nh5 8. e3
Bd7 9. Be2 c5 10. dxc5 Nxg3 11. hxg3 dxc5 12. Qc2 Qa5 13. Rc1 Nc6 14. a3 O-O-O
15. O-O Bxc3 16. Qxc3 Qc7 17. b4 f6 18. b5 Na5 19. Ne1 h5 20. Nd3 h4 21. gxh4
Rxh4 22. f4 Bf5 23. Rcd1 Rdh8 24. fxg5 Qg3 0-1

[Event "17. Europa ch Juvenil - Femenino s18"]
[Site "Sibenik CRO"]
[Date "2007.09.23"]
[Round "9.3"]
[White "Kharmunova, Nadejda"]
[Black "Charochkina, Daria"]
[Result "0-1"]
[WhiteElo "2177"]
[BlackElo "2390"]
[PlyCount "94"]
[EventDate "2007.09.14"]
[EventType "swiss"]
[EventRounds "9"]
[EventCountry "CRO"]
[Source "lmi"]
[SourceDate "2007.09.14"]

1. e4 c5 2. d3 Nc6 3. g3 g6 4. Bg2 Bg7 5. Ne2 d6 6. O-O e6 7. c4 Nge7 8. Nbc3
O-O 9. Be3 Nd4 10. Bxd4 cxd4 11. Nb1 d5 12. Nd2 dxe4 13. Nxe4 Qc7 14. b4 Bd7
15. Qb3 b6 16. b5 Rae8 17. c5 bxc5 18. Rac1 Rb8 19. a4 Bc8 20. Nxc5 Qd6 21. Qc4
Nd5 22. Rc2 Rd8 23. g4 Nf4 24. Nxf4 Qxf4 25. h3 h5 26. Re1 hxg4 27. Re4 Qd6 28.
Rxg4 e5 29. Rg5 Bf5 30. Be4 Qf6 31. f4 exf4 32. Rcg2 f3 33. Bxf3 Bh6 34. Rh5
Kh7 35. Ne4 Bxe4 36. Bxe4 Rbc8 37. Rf2 Qxf2+ 38. Kxf2 Rxc4 39. dxc4 f5 40. Bxf5
Rf8 41. a5 d3 42. Ke1 gxf5 43. Rh4 Re8+ 44. Kd1 d2 45. Rd4 Re1+ 46. Kc2 Rc1+
47. Kb2 Bg7 0-1

[Event "17. Europa ch Juvenil - Femenino s18"]
[Site "Sibenik CRO"]
[Date "2007.09.23"]
[Round "9.4"]
[White "Robles Garcia, Claudia"]
[Black "Foisor, Sabina-Francesca"]
[Result "0-1"]
[WhiteElo "2167"]
[BlackElo "2346"]
[PlyCount "76"]
[EventDate "2007.09.14"]
[EventType "swiss"]
[EventRounds "9"]
[EventCountry "CRO"]
[Source "lmi"]
[SourceDate "2007.09.14"]

1. e4 c5 2. Nf3 Nc6 3. d4 cxd4 4. Nxd4 Qb6 5. Nb3 Nf6 6. Nc3 e6 7. Be2 a6 8.
O-O d6 9. Kh1 Qc7 10. f4 b5 11. a3 Be7 12. Be3 Bb7 13. Bf3 O-O 14. Qe1 b4 15.
axb4 Nxb4 16. Qf2 d5 17. Bb6 Qxf4 18. g3 Qb8 19. exd5 Bxd5 20. Nxd5 Nbxd5 21.
Ba5 Qc8 22. Qe2 Rb8 23. Be1 Nc7 24. Bc3 Nfd5 25. Be5 Bf6 26. Bxf6 Nxf6 27. Ra4
Ncd5 28. Bg2 Rb6 29. Rh4 Re8 30. Qd2 Ne7 31. Qf2 Rb5 32. Be4 Ng6 33. Bxg6 hxg6
34. Nd4 Qb7+ 35. Kg1 Rxb2 36. g4 g5 37. Rh3 Qe4 38. Rg3 Rd8 0-1

[Event "17. Europa ch Juvenil - Femenino s18"]
[Site "Sibenik CRO"]
[Date "2007.09.23"]
[Round "9.5"]
[White "Tarasova, Viktoriya"]
[Black "Zhorzholiani, Meri"]
[Result "0-1"]
[WhiteElo "2249"]
[BlackElo "2110"]
[PlyCount "102"]
[EventDate "2007.09.14"]
[EventType "swiss"]
[EventRounds "9"]
[EventCountry "CRO"]
[Source "lmi"]
[SourceDate "2007.09.14"]

1. d4 Nf6 2. Nf3 e6 3. c4 b6 4. g3 Ba6 5. b3 Bb4+ 6. Bd2 Be7 7. Nc3 Bb7 8. Bg2
d5 9. cxd5 exd5 10. Ne5 O-O 11. O-O Na6 12. Bf4 Qc8 13. Rc1 Qe6 14. Re1 Rfd8
15. Qd3 c5 16. Nb5 Ne4 17. Bf3 f6 18. Bg4 f5 19. Bf3 g5 20. Bh5 Qh6 21. Bf7+
Kg7 22. Be3 f4 23. Bd2 c4 24. bxc4 dxc4 25. Bxc4 Nac5 26. Qc2 Nxf2 27. Qf5 Rf8
28. Nf7 Nh3+ 29. Kf1 fxg3 30. hxg3 Ne4 31. Bf4 Nxf4 32. Qe5+ Bf6 33. Nxh6 Bxe5
34. gxf4 Bxf4 35. Nf7 Bxc1 36. Rxc1 Nd2+ 37. Ke1 Nxc4 38. Nxg5 Bd5 39. Nc7 Rf5
40. Nge6+ Bxe6 41. Nxa8 Rf7 42. e4 b5 43. d5 Bc8 44. a4 a6 45. axb5 axb5 46.
Ra1 Bb7 47. Ke2 h5 48. Kd3 h4 49. Kd4 Nd2 50. Kd3 Nf1 51. Ke2 Bxa8 0-1

[Event "17. Europa ch Juvenil - Femenino s18"]
[Site "Sibenik CRO"]
[Date "2007.09.23"]
[Round "9.6"]
[White "Kalashyan, Varduhi"]
[Black "Gosciniak, Maria"]
[Result "0-1"]
[WhiteElo "2059"]
[BlackElo "2076"]
[PlyCount "86"]
[EventDate "2007.09.14"]
[EventType "swiss"]
[EventRounds "9"]
[EventCountry "CRO"]
[Source "lmi"]
[SourceDate "2007.09.14"]

1. e4 g6 2. d4 Bg7 3. c4 d6 4. Nc3 Nf6 5. Be2 O-O 6. Bg5 h6 7. Be3 Nbd7 8. g4
e5 9. d5 Nc5 10. f3 Ne8 11. h4 a5 12. Qd2 Kh7 13. Nh3 Rh8 14. Nf2 Bd7 15. Bd3
Kg8 16. Ne2 c6 17. Ng3 Nxd3+ 18. Qxd3 Bf6 19. h5 Bh4 20. Ne2 g5 21. Rxh4 gxh4
22. Qd2 Kg7 23. g5 hxg5 24. Bxg5 Qb6 25. h6+ Kh7 26. Nd3 cxd5 27. exd5 Rc8 28.
c5 Qb5 29. O-O-O Bf5 30. Nc3 Qxd3 31. Qxd3 Bxd3 32. Rxd3 Rxc5 33. Kd2 f5 34. f4
e4 35. Rh3 b5 36. Bxh4 b4 37. Ne2 Rxd5+ 38. Ke1 Nc7 39. Ng3 Ne6 40. Ne2 Rg8 41.
Bg5 Nxg5 42. fxg5 Rxg5 43. Nf4 Re5 0-1

[Event "17. Europa ch Juvenil - Femenino s18"]
[Site "Sibenik CRO"]
[Date "2007.09.23"]
[Round "9.7"]
[White "Rakic, Marija"]
[Black "Gunina, Valentina"]
[Result "0-1"]
[WhiteElo "2247"]
[BlackElo "2361"]
[PlyCount "80"]
[EventDate "2007.09.14"]
[EventType "swiss"]
[EventRounds "9"]
[EventCountry "CRO"]
[Source "lmi"]
[SourceDate "2007.09.14"]

1. d4 d5 2. c4 e6 3. Nc3 Be7 4. Nf3 Nf6 5. Bg5 h6 6. Bh4 O-O 7. e3 b6 8. Qc2
Bb7 9. Bxf6 Bxf6 10. cxd5 exd5 11. O-O-O Nd7 12. g4 c5 13. h4 cxd4 14. exd4 Qc7
15. Kb1 Qf4 16. Qd3 Nc5 17. Qf5 Qxf5+ 18. gxf5 Ne4 19. Rh2 Rac8 20. Rc1 Rc7 21.
Bd3 Rfc8 22. Ne2 Rxc1+ 23. Nxc1 Re8 24. Ne2 Bc8 25. Rg2 Bxf5 26. Nf4 Kf8 27.
Kc1 Rd8 28. Nh5 Bh3 29. Rg1 Nxf2 30. Kd2 Ne4+ 31. Ke3 Re8 32. Bxe4 Rxe4+ 33.
Kd3 Bf5 34. Nxf6 gxf6 35. Kd2 Bg4 36. Rg3 Bxf3 37. Rxf3 Rxd4+ 38. Ke3 Rxh4 39.
Rxf6 Rh2 40. b4 Kg7 0-1

[Event "17. Europa ch Juvenil - Femenino s18"]
[Site "Sibenik CRO"]
[Date "2007.09.23"]
[Round "9.8"]
[White "Ikonomopoulou, Maria"]
[Black "Paulet, Iozefina"]
[Result "0-1"]
[WhiteElo "2029"]
[BlackElo "2241"]
[PlyCount "126"]
[EventDate "2007.09.14"]
[EventType "swiss"]
[EventRounds "9"]
[EventCountry "CRO"]
[Source "lmi"]
[SourceDate "2007.09.14"]

1. e4 c5 2. Nf3 d6 3. d4 cxd4 4. Nxd4 Nf6 5. Nc3 a6 6. Bc4 e6 7. Bb3 b5 8. f4
Bb7 9. Be3 Nxe4 10. Nxe4 Bxe4 11. O-O Nd7 12. f5 e5 13. Qh5 Qe7 14. Bg5 Nf6 15.
Bxf6 gxf6 16. Rae1 d5 17. Ne2 O-O-O 18. Nc3 Qb7 19. Qe2 Bc5+ 20. Kh1 Bb4 21.
Nxe4 Bxe1 22. Nxf6 Bh4 23. Ng4 f6 24. g3 Bg5 25. h4 h5 26. Nf2 Bh6 27. Nd3 Rhg8
28. Kh2 Rg4 29. Nf2 Rg7 30. Qxh5 Rh7 31. Ng4 Rg8 32. Nxh6 Qg7 33. Qf3 Rxh6 34.
Bxd5 Rd8 35. Rd1 Rhh8 36. Qa3 Qa7 37. Qc3+ Qc7 38. Qb3 Qc5 39. Qd3 Kb8 40. c3
Rd6 41. Qf3 Rhd8 42. b4 Qc7 43. Kh3 R8d7 44. Bb3 Rxd1 45. Bxd1 e4 46. Qh5 Ka7
47. Be2 Rg7 48. Bg4 Qxc3 49. Qe8 Qxb4 50. h5 Qd4 51. h6 Rc7 52. Kh4 e3 53. Kh5
Qc5 54. Kg6 Re7 55. Qf8 e2 56. Bxe2 Qe3 57. Kxf6 Qe5+ 58. Kg5 Qxg3+ 59. Kf6
Qe5+ 60. Kg6 Qxe2 61. Qxe7+ Qxe7 62. h7 Qf8 63. f6 b4 0-1

[Event "17. Europa ch Juvenil - Femenino s18"]
[Site "Sibenik CRO"]
[Date "2007.09.23"]
[Round "9.9"]
[White "Ayrapetyan, Tatevik"]
[Black "Baptista, Ana Filipa"]
[Result "1/2-1/2"]
[WhiteElo "2218"]
[BlackElo "2055"]
[PlyCount "154"]
[EventDate "2007.09.14"]
[EventType "swiss"]
[EventRounds "9"]
[EventCountry "CRO"]
[Source "lmi"]
[SourceDate "2007.09.14"]

1. e4 c5 2. Nf3 Nc6 3. d4 cxd4 4. Nxd4 g6 5. c4 Bg7 6. Be3 Nf6 7. Nc3 d6 8. Be2
O-O 9. O-O Bd7 10. f3 Qa5 11. a3 Rfc8 12. b4 Qc7 13. Rc1 Nxd4 14. Bxd4 Be6 15.
Qd2 a6 16. Kh1 Qd7 17. Nd5 Bxd5 18. exd5 Qf5 19. Bd3 Qh5 20. Rfe1 Re8 21. Qf2
Nd7 22. Bxg7 Kxg7 23. Qd4+ Nf6 24. Qb6 Rab8 25. Qc7 Qg5 26. Rc2 Rec8 27. Qb6
Nh5 28. Qd4+ Kg8 29. g3 Rc7 30. Rce2 Re8 31. a4 Qf6 32. Qxf6 Nxf6 33. a5 Kf8
34. g4 Nd7 35. Rc2 Ne5 36. Be2 Rec8 37. f4 Nd7 38. Rd1 Kg7 39. Kg2 h6 40. Kf3
g5 41. h3 Rh8 42. Rd4 Rhc8 43. Rd1 Rh8 44. Ke3 Rhc8 45. Rf1 Nf6 46. Rd1 Nd7 47.
h4 gxf4+ 48. Kxf4 Ne5 49. Rdc1 Nd7 50. Ke3 Kf6 51. Rf1+ Kg7 52. Kd4 e5+ 53. Ke3
Nf6 54. g5 Nxd5+ 55. cxd5 Rxc2 56. gxh6+ Kxh6 57. Rxf7 Rg8 58. Rf6+ Kg7 59.
Rxd6 Kf7 60. Bh5+ Ke7 61. Re6+ Kd7 62. Rxe5 Rc4 63. Bf3 Rxh4 64. Be4 Rg3+ 65.
Kd4 Rb3 66. Kc4 Re3 67. Kd4 Re1 68. Re6 Rd1+ 69. Kc5 Rc1+ 70. Kd4 Rc7 71. Rb6
Kc8 72. Re6 Kd8 73. d6 Rc1 74. Re5 Kd7 75. Kd5 Rd1+ 76. Kc5 Rxe4 77. Rxe4 Rxd6
1/2-1/2

[Event "17. Europa ch Juvenil - Femenino s18"]
[Site "Sibenik CRO"]
[Date "2007.09.23"]
[Round "9.10"]
[White "Orlyanskaya, Darya"]
[Black "Novosadova, Kristyna"]
[Result "1-0"]
[WhiteElo "2092"]
[BlackElo "2014"]
[PlyCount "51"]
[EventDate "2007.09.14"]
[EventType "swiss"]
[EventRounds "9"]
[EventCountry "CRO"]
[Source "lmi"]
[SourceDate "2007.09.14"]

1. e4 e5 2. Nf3 Nc6 3. Bb5 a6 4. Ba4 Nf6 5. O-O Be7 6. Re1 b5 7. Bb3 d6 8. h3
Na5 9. d3 Nxb3 10. axb3 O-O 11. Nc3 c5 12. Nxb5 Bxh3 13. Nxd6 Bxg2 14. Nc4 Bxf3
15. Qxf3 Nd7 16. Qg4 Re8 17. Kf1 Bf8 18. Bg5 Qc7 19. Ke2 Re6 20. Rh1 Be7 21.
Bxe7 Rxe7 22. Rxh7 Kxh7 23. Qh4+ Kg8 24. Qxe7 a5 25. Rh1 Qc6 26. Nd6 1-0

[Event "17. Europa ch Juvenil - Femenino s18"]
[Site "Sibenik CRO"]
[Date "2007.09.23"]
[Round "9.11"]
[White "Hairapetian, Anna"]
[Black "Homiakova, Ekaterina"]
[Result "0-1"]
[WhiteElo "2028"]
[BlackElo "2089"]
[PlyCount "136"]
[EventDate "2007.09.14"]
[EventType "swiss"]
[EventRounds "9"]
[EventCountry "CRO"]
[Source "lmi"]
[SourceDate "2007.09.14"]

1. d4 Nf6 2. Nf3 c5 3. c3 e6 4. e3 Be7 5. Bd3 d5 6. O-O O-O 7. Ne5 b6 8. Nd2
Bb7 9. f4 Qc8 10. Rf3 Nbd7 11. Rh3 Ne4 12. Ndf3 f6 13. Nxd7 Qxd7 14. dxc5 Qe8
15. cxb6 axb6 16. Nd4 Bc5 17. Qb3 Bxd4 18. exd4 Qc6 19. Be3 Ba6 20. Bxa6 Rxa6
21. Qd1 f5 22. Qh5 Nf6 23. Qe2 Ra7 24. Kh1 Raa8 25. a3 Rae8 26. Rf3 Qd7 27.
Rff1 Rc8 28. g3 Rc4 29. Kg2 Qf7 30. Rfc1 Rfc8 31. Bd2 Qd7 32. b3 R4c6 33. Be1
Ne4 34. Qd3 Qb7 35. a4 Qc7 36. Ra2 Nd6 37. Rac2 Qb7 38. Kf3 b5 39. axb5 Nxb5
40. Ke3 Na3 41. Rg2 Qxb3 42. Kf3 Qb7 43. g4 Qf7 44. Ra1 Nc4 45. g5 Nd6 46. g6
hxg6 47. Ra6 Ne4 48. Rxc6 Rxc6 49. Qb5 Rc8 50. Qa6 Rb8 51. c4 g5 52. fxg5 Rb3+
53. Ke2 Qh5+ 54. Kf1 Qf3+ 55. Kg1 Qe3+ 56. Kf1 Qf3+ 57. Kg1 Qe3+ 58. Kf1 Nxg5
59. Qc8+ Kh7 60. Qe8 Qf3+ 61. Rf2 Qh1+ 62. Ke2 Qe4+ 63. Kf1 Qh1+ 64. Ke2 Rb2+
65. Kd1 Rb1+ 66. Kc2 Qe4+ 67. Kc3 Qxe1+ 68. Kd3 Rb3+ 0-1

[Event "17. Europa ch Juvenil - Femenino s18"]
[Site "Sibenik CRO"]
[Date "2007.09.23"]
[Round "9.12"]
[White "Mareckova, Martina"]
[Black "Steil-Antoni, Fiona"]
[Result "1/2-1/2"]
[WhiteElo "2003"]
[BlackElo "2065"]
[PlyCount "89"]
[EventDate "2007.09.14"]
[EventType "swiss"]
[EventRounds "9"]
[EventCountry "CRO"]
[Source "lmi"]
[SourceDate "2007.09.14"]

1. e4 e5 2. Nf3 Nc6 3. Bc4 Bc5 4. c3 Nf6 5. d3 a6 6. Bb3 Ba7 7. O-O d6 8. Nbd2
O-O 9. h3 h6 10. Re1 Nh5 11. Nf1 Qf6 12. Be3 Nf4 13. Bxf4 Qxf4 14. Ne3 Ne7 15.
Qe2 Be6 16. Bc2 c6 17. d4 Qf6 18. Rad1 Ng6 19. Nf5 Nf4 20. Qf1 Rad8 21. g3 Nh5
22. Qe2 Kh7 23. Kh2 Bc8 24. Nxe5 dxe5 25. Qxh5 Bxf5 26. Qxf5+ Qxf5 27. exf5
exd4 28. cxd4 Bxd4 29. Re2 Bxb2 30. Rb1 Bf6 31. Rxb7 Rfe8 32. Rxe8 Rxe8 33. Bd3
Rd8 34. Bxa6 Rd2 35. Rxf7 Rxf2+ 36. Kg1 Rxa2 37. Bc4 Rc2 38. Be6 Rc3 39. Rf8 h5
40. Kg2 Be5 41. g4 hxg4 42. hxg4 Rg3+ 43. Kf1 c5 44. Ke2 Rxg4 45. Rc8 1/2-1/2

[Event "17. Europa ch Juvenil - Femenino s18"]
[Site "Sibenik CRO"]
[Date "2007.09.23"]
[Round "9.13"]
[White "Ohme, Melanie"]
[Black "Kaniak, Monika"]
[Result "1-0"]
[WhiteElo "2278"]
[BlackElo "1950"]
[PlyCount "81"]
[EventDate "2007.09.14"]
[EventType "swiss"]
[EventRounds "9"]
[EventCountry "CRO"]
[Source "lmi"]
[SourceDate "2007.09.14"]

1. e4 e6 2. d4 d5 3. Nc3 Nf6 4. e5 Nfd7 5. f4 c5 6. Nf3 Nc6 7. Be3 a6 8. Qd2 b5
9. dxc5 Bxc5 10. Bxc5 Nxc5 11. Qf2 Qb6 12. Bd3 b4 13. Ne2 a5 14. O-O Ba6 15.
Kh1 Bxd3 16. cxd3 Qb5 17. Qg3 Qxd3 18. Qxg7 O-O-O 19. Ng3 Rhg8 20. Qxf7 Rdf8
21. Qh5 Rxf4 22. Rad1 Qb5 23. Qxh7 Rfg4 24. Rc1 R4g6 25. Qh4 Rg4 26. Qh6 Kb7
27. Qf6 R4g7 28. Nd2 Nd3 29. Rb1 Ndxe5 30. Nf3 Rf7 31. Qxe6 Rgf8 32. Rfd1 d4
33. Ne4 Rd8 34. Nxe5 Nxe5 35. Nd6+ Rxd6 36. Qxd6 d3 37. a4 Qe8 38. Re1 Rf5 39.
h3 Qf7 40. Rbd1 Qg7 41. Rxd3 1-0

[Event "17. Europa ch Juvenil - Femenino s18"]
[Site "Sibenik CRO"]
[Date "2007.09.23"]
[Round "9.14"]
[White "Somova, Nadezda"]
[Black "Mader, Manuela"]
[Result "0-1"]
[WhiteElo "1963"]
[BlackElo "2204"]
[PlyCount "106"]
[EventDate "2007.09.14"]
[EventType "swiss"]
[EventRounds "9"]
[EventCountry "CRO"]
[Source "lmi"]
[SourceDate "2007.09.14"]

1. e4 c6 2. d4 d5 3. exd5 cxd5 4. c4 Nf6 5. Nc3 Nc6 6. Nf3 Bg4 7. cxd5 Nxd5 8.
Qb3 Bxf3 9. gxf3 Nb6 10. d5 Nd4 11. Bb5+ Nd7 12. Bxd7+ Qxd7 13. Qd1 Nf5 14. O-O
g6 15. Bf4 Bg7 16. Rc1 O-O 17. Re1 Rfd8 18. Be5 Bh6 19. Rc2 Rac8 20. Bg3 b5 21.
d6 Nxd6 22. Bxd6 Qxd6 23. Qxd6 Rxd6 24. Rce2 Bd2 25. Nxb5 Bxe1 26. Nxd6 Bxf2+
27. Kxf2 exd6 28. b4 Rc4 29. a3 Kf8 30. Re3 h5 31. Kg3 d5 32. Rd3 d4 33. Kf4
Ke7 34. Ke5 Rc2 35. h4 Re2+ 36. Kxd4 Rh2 37. Re3+ Kd6 38. Re4 f5 39. Rf4 Ra2
40. Kc4 Ke5 41. Rd4 Rxa3 42. f4+ Ke6 43. Kc5 Rc3+ 44. Kb5 Re3 45. Rd2 Re4 46.
Rf2 Kd5 47. Rd2+ Rd4 48. Rxd4+ Kxd4 49. Ka6 Kc4 50. Ka5 a6 51. Ka4 Kc3 52. Ka3
Kd4 53. Ka4 Ke4 0-1

[Event "17. Europa ch Juvenil - Femenino s18"]
[Site "Sibenik CRO"]
[Date "2007.09.23"]
[Round "9.15"]
[White "Van Nies, Pauline"]
[Black "Altunkeser, Gozde"]
[Result "1-0"]
[WhiteElo "2162"]
[BlackElo "1913"]
[PlyCount "51"]
[EventDate "2007.09.14"]
[EventType "swiss"]
[EventRounds "9"]
[EventCountry "CRO"]
[Source "lmi"]
[SourceDate "2007.09.14"]

1. e4 c5 2. Nf3 d6 3. d4 cxd4 4. Nxd4 Nf6 5. Nc3 a6 6. f4 e5 7. Nf3 Nbd7 8. a4
Be7 9. Bd3 O-O 10. O-O exf4 11. Bxf4 Qb6+ 12. Kh1 Qxb2 13. Qe1 Qb6 14. Nd5 Nxd5
15. exd5 Bf6 16. Rb1 Qc7 17. Bg5 Qd8 18. Qh4 g6 19. Rb4 Bxg5 20. Nxg5 h5 21.
Rbf4 f5 22. g4 Nf6 23. gxf5 Bxf5 24. Bxf5 gxf5 25. Ne6 Qe7 26. Rxf5 1-0

[Event "17. Europa ch Juvenil - Femenino s18"]
[Site "Sibenik CRO"]
[Date "2007.09.23"]
[Round "9.17"]
[White "Kaniak, Justyna"]
[Black "Sobierska, Wioletta"]
[Result "1/2-1/2"]
[WhiteElo "1942"]
[BlackElo "2012"]
[PlyCount "59"]
[EventDate "2007.09.14"]
[EventType "swiss"]
[EventRounds "9"]
[EventCountry "CRO"]
[Source "lmi"]
[SourceDate "2007.09.14"]

1. e4 d6 2. d4 Nf6 3. Nc3 g6 4. Nf3 Bg7 5. h3 O-O 6. Be2 c6 7. Be3 Qc7 8. Qd2
Nbd7 9. O-O e5 10. Rad1 Re8 11. dxe5 dxe5 12. Bc4 Nb6 13. Bb3 Be6 14. Bc5 Nc4
15. Bxc4 Bxc4 16. Rfe1 Rad8 17. Qc1 b6 18. Be3 Be6 19. Rxd8 Rxd8 20. Rd1 Ne8
21. Rxd8 Qxd8 22. Qd2 Qxd2 23. Nxd2 Nd6 24. a4 Nc4 25. Nxc4 Bxc4 26. a5 bxa5
27. Bxa7 Bf8 28. Na4 Bb5 29. Nc5 Bxc5 30. Bxc5 1/2-1/2

[Event "17. Europa ch Juvenil - Femenino s18"]
[Site "Sibenik CRO"]
[Date "2007.09.23"]
[Round "9.18"]
[White "Le Bail, Clara"]
[Black "Severiukhina, Zoya"]
[Result "0-1"]
[WhiteElo "1981"]
[BlackElo "2267"]
[PlyCount "50"]
[EventDate "2007.09.14"]
[EventType "swiss"]
[EventRounds "9"]
[EventCountry "CRO"]
[Source "lmi"]
[SourceDate "2007.09.14"]

1. e4 e6 2. d4 d5 3. exd5 exd5 4. Nf3 Bd6 5. c4 Nf6 6. Nc3 dxc4 7. Bxc4 O-O 8.
O-O Nc6 9. h3 h6 10. Qc2 Nb4 11. Qb1 Be6 12. Bxe6 fxe6 13. Bxh6 gxh6 14. Qg6+
Kh8 15. Qxh6+ Nh7 16. Ne4 Rxf3 17. gxf3 Qf8 18. Qh5 Qf5 19. Nxd6 cxd6 20. Rae1
Qg5+ 21. Qg4 Rg8 22. Kh1 Qd5 23. Qe4 Qh5 24. h4 Nd3 25. Re2 d5 0-1